LEADER 01256nam a2200325 u 4500 001 000000031795 003 CaOOAMICUS 005 20070226112159.0 008 971008s1992 it u000 u ita u 020 $a8821168093 035 $a10771948 040 $aPUL(R)$bita 041 1 $aita$heng 100 1 $aSanders, Ed Parish.$0(OLS)http://pul/name/23565 240 10$aJesus and Judaism.$lItaliano.$0(OLS)http://pul/title/43755 245 10$aGesł e il giudaismo /$cE. P. Sanders ; prefazione di Piero Stefani. 260 $aGenova :$bMarietti,$c1992. 300 $axi, 494 p. :$b21 cm 490 1 $aDabar : studi biblici e giudastici 500 $aIndici: p. [459]-494. 504 $aBibliografia: p. [439]-455. 650 4$aGiudaismo.$0(OLS)http://pul/subject/1627 830 0$aDabar : studi biblici e giudastici.$0(OLS)http://pul/title/43502 850 $aPUL 852 $aPUL$W1$xSL Religione 1$y3$m7(1) F 61$j43853$nBK-PRI$b $qStampati$B43853$CPULBib$Z2$F43853 $H $81 941 1 $a8 961 $aINV: 69483 996 $6020$a8821168093$9(OLS)http://pul/number/39927 996 $6245$aGesł e il giudaismo$9(OLS)http://pul/title/43756 996 $6260$aGenova :$bMarietti$9(OLS)http://pul/publisher/48994 LEADER 01286nam a2200325 a 4500 001 000000133486 003 CaOOAMICUS 005 20130410143931.0 008 130410s1986 it u000 u ita r 020 $a88-211-8616-4 040 $aPUL$bita 041 1 $aita$hger 100 1 $aKoselleck, Reinhart,$d1923-$0(OLS)http://pul/name/24217 240 10$aVergangene Zukunft.$lItaliano.$0(OLS)http://pul/title/168702 245 10$aFuturo passato :$bper una semantica dei tempi storici /$cReinhart Koselleck. 260 $aGenova :$bMarietti,$c1986. 300 $a331 p. ;$c21 cm 490 1 $aCollana di filosofia ;$v20 500 $aInclude indice. 504 $aBibliografia in nota. 650 4$aTempo (filosofia).$0(OLS)http://pul/subject/8504 830 0$aCollana di filosofia (Marietti) ;$v20.$0(OLS)http://pul/title/8088 850 $aPUL 852 $aPUL$W1$xDP1 Fondo E. Rossi$y115$m1 K 36$j153424$qFondi$B152983$CPULBib$Z2$F152983 $82 941 1 $a1 961 $aSul dorso collocazione ms. di E. Rossi: K 17 996 $6020$a88-211-8616-4$9(OLS)http://pul/number/152369 996 $6245$aFuturo passato :$bper una semantica dei tempi storici$9(OLS)http://pul/title/168701 996 $6260$aGenova :$bMarietti$9(OLS)http://pul/publisher/48994